| 000 | 00448nam a22001817a 4500 | ||
|---|---|---|---|
| 003 | MPLRDC | ||
| 005 | 20220104114652.0 | ||
| 008 | 210129b ||||| |||| 00| 0 eng d | ||
| 020 | _a7-303-01790-9 | ||
| 082 | _a292.22 LSJ | ||
| 100 | _a刘韶军编著 | ||
| 245 |
_a古代占星术注评 _c |
||
| 250 | _a初版三刷 | ||
| 260 |
_a _b北京师范大学出版社 _c1993 |
||
| 300 | _b平 | ||
| 650 | _a占卜--占星 | ||
| 942 |
_cBK _o292.22 LSJ |
||
| 999 |
_c9286 _d9276 |
||